00369nam a2200109Ia 4500008004100000082002100041100002100062245002000083260007200103630001800175650006600193211109s9999||||xx |||||||||||||| ||und|| a894.8121 bSUG-K aSugatha Kumari,  0aKavu Theendalle bFrom Fr Gregory Karikamparampil No 1006aEndowment, Current Bc1900 xGENERAL STACK aMalayalam LiteraturevMalayalam PoetryxLiterature & rhetoric